| 000 | 00902cab a2200241 4500 | ||
|---|---|---|---|
| 001 | A196 | ||
| 008 | 090401t1989 xxu||||| |||| 00| 0 eng d | ||
| 035 | _a(Sirsi) u27643 | ||
| 041 | _aeng | ||
| 100 | _aWillson, Roy | ||
| 245 | 2 | _aA minerals surveyor`s view of revaluation 1990 | |
| 260 | _c1989 | ||
| 350 | _a0 | ||
| 490 |
_aLand & Minerals Surveying _v7(5) May 1989, 240-245(6) |
||
| 520 | _aWritten just prior to introduction of the new non-domestic rating lists 1990 specifying revised rateable values for non-domestic hereditaments. Mines, quarries and brickworks are classed as non-domestic hereditaments and this article focuses on the role of the minerals surveyor in revaluation. | ||
| 650 | _aMINERAL VALUATION | ||
| 650 | _aRATING ASSESSMENTS | ||
| 650 | _aREVALUATION | ||
| 690 | _aMINING AND MINERALS | ||
| 690 | _aRATING AND VALUATION | ||
| 942 | _n0 | ||
| 948 | _c04/03/1997 | ||
| 999 |
_c18614 _d18614 |
||